header

In the name of justice (Record no. 158170)

MARC details
000 -LEADER
fixed length control field 01330nam a2200349Ia 4500
082 04 - DEWEY DECIMAL CLASSIFICATION NUMBER
Classification number 340/.11
100 1# - MAIN ENTRY--AUTHOR NAME
Personal name He, Weifang.
245 10 - TITLE STATEMENT
Title In the name of justice
260 ## - PUBLICATION, DISTRIBUTION, ETC. (IMPRINT)
Place of publication Washington, D.C. :
Name of publisher Brookings Institution Press,
Year of publication c2012.
300 ## - PHYSICAL DESCRIPTION
Number of Pages xlix, 269 p.
490 1# - SERIES STATEMENT
Series statement The Thornton Center Chinese Thinkers series
650 #0 - SUBJECT ADDED ENTRY--TOPICAL TERM
Topical Term Rule of law
Topical Term Law reform
856 40 - ELECTRONIC LOCATION AND ACCESS
Uniform Resource Identifier http://site.ebrary.com/lib/rucke/Doc?id=10623028

No items available.

© 2026 Rongo University
Contact us: librarian | system librarian | Rongo university